| 000 | 01413nam0a2200373 4500 | ||
|---|---|---|---|
| 001 | RU\NLR\BIBL_A\022315727 | ||
| 005 | 20260420014311.0 | ||
| 010 |
_a978-5-6050605-9-8 _95000 |
||
| 021 |
_aRU _bКН-П-24-042302 _9КН-П-24-4200 |
||
| 035 | _a(NLR Aleph) 022315727 | ||
| 090 |
_a13664734 _c13664734 |
||
| 100 | _a20240909d2023 c y0rusy50 ca | ||
| 101 | 0 | _arus | |
| 102 | _aRU | ||
| 105 | _aa|||j|||000yy | ||
| 181 | 0 |
_ai3 _baxxe |
|
| 182 | 0 | _an | |
| 200 | 1 |
_aАрифметика _eучебник для 3 класса начальной школы _fА. С. Пчёлко и Г. Б. Поляк |
|
| 203 |
_aТекст _bвизуальный _cнепосредственный |
||
| 205 | _a6-е изд. | ||
| 210 |
_aЕкатеринбург _cАртефакт _d2023 |
||
| 215 |
_a158 с. _cил. _d26 |
||
| 300 | _aНа обл. подзаг.: для 3 класса | ||
| 333 | _a16+ | ||
| 606 | 1 |
_aАрифметика _jЗадачники _91005829 _3RU\NLR\AUTH\6664428 |
|
| 686 | 3 | _aВ13я711-4 | |
| 700 | 1 |
_7ca _8rus _aПчёлко _bА. С. _f1890-1981 _gАлександр Спиридонович _9215713 _3RU\NLR\AUTH\770215769 |
|
| 701 | 1 |
_7ca _8rus _aПоляк _bГ. Б. _f1894- _gГригорий Борисович _9223415 _3RU\NLR\AUTH\770223471 |
|
| 942 | _cBOOK | ||
| 980 | _aNBR | ||
| 980 | _aNB | ||